| 000 | 01124cam a22003617a 4500 | ||
|---|---|---|---|
| 003 | CHAP | ||
| 005 | 20220817042857.0 | ||
| 008 | 971013s1995 r 00010 d | ||
| 010 | _a58562 | ||
| 011 | _a59534 | ||
| 035 | _a63692 | ||
| 040 | _cCHAP | ||
| 082 | 0 | 4 |
_a630 _bF3 v.112/2 |
| 110 | 2 | _aFAO | |
| 245 | 1 | 0 |
_aPesticide application equipment for use in agriculture _b: v.2 mechanically powered equipment |
| 260 |
_aRome : _bFAO, _c1995 |
||
| 300 |
_a142 p. _b: ilus. |
||
| 410 | 2 | _aFAO | |
| 490 | 0 |
_aFAO. Servicios agrícolas _v; 112/2 |
|
| 590 |
_aBATCH-UPD _b10 _c20130110 _lUCH01 _h0657 |
||
| 590 |
_aBATCH-UPD _b10 _c20130410 _lUCH01 _h0342 |
||
| 590 |
_aBATCH-UPD _b10 _c20130914 _lUCH01 _h1343 |
||
| 590 |
_aCONVERSION _b10 _c20130109 _lUCH01 _h1331 |
||
| 650 | 1 | 4 |
_aMaquinaria agrícola. _971151 |
| 650 | 1 | 4 |
_aPesticidas _xAplicación. _987539 |
| 700 | 0 |
_aMatthews, G. A. _973077 |
|
| 700 | 0 |
_aThornhill, E. W. _9112974 |
|
| 810 | 0 | _aFAO | |
| 830 | 0 | 0 |
_aFAO. Servicios agrícolas _v; 112/2 _939697 |
| 901 | _aBK | ||
| 942 | _cLIBRO | ||
| 949 |
_a630 F3 v.112/2 _bBC _cFAO _d33724000395927 _eFAO1 _h89919 _i63692 _si |
||
| 999 |
_c58562 _d58562 |
||